000 00538nam a2200205Ia 4500
003 GCL
008 140319s9999 xx 000 0 ara d
040 _aGCL /
_cGCL
082 0 4 _a191
_bف ر
100 1 _aفؤاد زكريا
245 1 0 _aريتشارد فاجز /
_cفؤاد زكريا
260 _a[S.N] :
_bمكتبة مصر ،
_c1919
300 _a135 ص
490 _a
650 0 4 _aالفلسفة
650 0 4 _aالفلسفة الحديثة
650 0 4 _aالموسيقى
650 0 4 _aالثقافة
942 _2ddc
_cBK
999 _c34632
_d34632